Effectiffs Allemagne Euro 2024 - Statistiques

Statistiques générales
  • Ce quiz a été pris 199 fois
  • Le résultat moyen est 16 sur 26
Statistiques - réponses
Poste Numéro Club Joueur % Correct
Gardien 1 Bayern Munich Manuel Neuer
98%
Gardien 22 FC Barcelone Marc André Ter Stegen
96%
Défenseur 2 Real Madrid Antonio Rudiger
88%
Milieu 17 Bayer Leverkusen Florian Wirtz
82%
Défenseur 4 Bayer Leverkusen Jonathan Tah
81%
Milieu 10 Bayern Munich Jamal Musiala
79%
Milieu 21 FC Barcelone Ilkay Gundogan
76%
Défenseur 6 Bayern Munich Joshua Kimmich
74%
Attaquant 19 Bayern Munich Leroy Sané
74%
Milieu 7 Arsenal Kai Havertz
73%
Attaquant 9 Borussia Dortmund Niclas Fullkrug
73%
Attaquant 13 Bayern Munich Thomas Muller
71%
Défenseur 15 Borussia Dortmund Nico Schlotterbeck
68%
Milieu 25 Borussia Dortmund Emre Can
61%
Milieu 23 Bayer Leverkusen Robert Andrich
60%
Milieu 8 Real Madrid Toni Kroos
60%
Défenseur 3 RB Leipzig David Raum
57%
Défenseur 18 VFB Stuttgart Maximilian Mittelstadt
47%
Gardien 12 TSG Hoffenheim Oliver Baumann
46%
Milieu 5 Brighton Pascal Groß
46%
Attaquant 26 Borussia Dortmund Deniz Undav
33%
Défenseur 20 RB Leipzig Benjamin Henrichs
30%
Défenseur 16 VFB Stuttgart Waldemar Anton
29%
Attaquant 14 TSG Hoffenheim Maximilian Beier
24%
Défenseur 24 Eintracht Frankfurt Robin Koch
22%
Attaquant 11 VFB Stuttgart Chris Fuhrich
19%
Aucun quiz correspondant
Distribution des résultats
% des personnes avec chaque résultat
Percentile par nombre de réponses
Votre historique - résultats
Vous n’avez pas pris ce quiz